000 01222nam a2200277 i 4500
001 bg
100 1 _aBORYCZKO, Krzysztof
245 1 0 _aInformatyczny model przepływu krwi w naczyniach włosowatych /
_cKrzysztof Boryczko.
246 1 1 _aInformatyczny model przepływu krwi w naczyniach włosowatych
260 _aKraków :
_bAGH. Uczelniane Wydawnictwa Naukowo-Dydaktyczne,
_c2002.
300 _a157 s., [1] k. tabl. :
_bil. ;
_c24 cm.
490 1 _aRozprawy, Monografie / [Akademia Górniczo-Hutnicza im. Stanisława Staszica w Krakowie] =
_aDissertations, Monographies,
_x0867-6631 ;
_v114
500 _aTyt. równol.: Computational model of blood dynamics in capilary vessels. - Streszcz. ang.
504 _aBibliogr.
650 9 _aKrew
_xbadanie
_xmetody
650 9 _aNaczynia krwionośne
_xbadanie
_xmetody
650 9 _aUkład krążenia
_xbadanie
_xmetody
650 9 _aInformatyka
_xstosowanie
_xmedycyna
650 9 _aSymulacja
_xstosowanie
_xmedycyna
830 0 _aRozprawy, Monografie ([Akademia Górniczo-Hutnicza im. Stanisława Staszica w Krakowie]) ;
_v114
040 _cBPK
041 0 _apol
_beng
080 _a611.1:612.1:004.94:519.87
942 _cKS
008 s pl f |000 0 pol
999 _c42849
_d42849
856 _uhttp://koha.tu.koszalin.pl/cgi-bin/koha/opac-detail.pl?biblionumber=42849
_yKatalog online BPK